| 000 | 01219cam a22002891i 4500 | ||
|---|---|---|---|
| 003 | SA-RiAUC | ||
| 005 | 20250625165043.0 | ||
| 008 | 250622s1985 su f b f00010 ara c | ||
| 040 |
_aSA-RiAUC _bara _cSA-RiAUC _erda |
||
| 043 | _aa-su--- | ||
| 082 | 0 | 4 |
_a347.6 _qSA-RiAUC |
| 090 |
_a347.6 _bم ز غ |
||
| 100 | 1 |
_aالمزغني، رضا أحمد محمد _eمؤلف. |
|
| 245 | 1 | 0 |
_aأحكام الإثبات / _cرضا أحمد محمد المزغني. |
| 264 | 1 |
_aالرياض : _bمعهد الإدارة العامة، إدارة البحوث، _c1985 |
|
| 300 |
_a333 صفحة ؛ _c24 سم |
||
| 336 |
_aنص _btxt _2rdacontent _3كتاب |
||
| 337 |
_aبدون وسيط _bn _2rdamedia |
||
| 338 |
_aمجلد _bnc _2rdacarrier |
||
| 504 | _aببليوجرافية : صفحة 321-324. | ||
| 504 | _aيشتمل على إرجاعات ببليوجرافية. | ||
| 504 | _aببليوجرافية باللغة العربية والفرنسية : صفحة 321-324. | ||
| 650 | 7 |
_aالإثبات (قانون) _zالسعودية _2aucsh |
|
| 650 | 7 |
_aقانون الإجراءات المدنية والتجارية _zالسعودية _2aucsh |
|
| 942 |
_2ddc _cBOOK _n0 |
||
| 949 |
_aSA-JeALM _d250622 _umohamedma123 _n1 |
||
| 999 |
_c9190 _d9190 |
||